[Event "Paris NAO Masters 2nd"]
[Site "Paris"]
[Date "2002.05.15"]
[Round "3"]
[White "Habu, Yoshiharu"]
[Black "Marcelin, Cyril"]
[Result "1-0"]
[WhiteElo "2342"]
[BlackElo "2452"]
[PlyCount "87"]
[EventDate "2002.05.13"]
[EventType "tourn"]
[EventRounds "9"]
[EventCountry "FRA"]
[EventCategory "5"]
[SourceTitle "CBM 088 Extra"]
[Source "ChessBase"]
[SourceDate "2002.07.01"]
[SourceVersion "2"]
[SourceVersionDate "2002.07.01"]
[SourceQuality "1"]

1. e4 e5 2. Nf3 Nc6 3. Bb5 Nf6 4. 0-0 Nxe4 5. d4 Nd6 6. Bxc6 dxc6 7. dxe5 Nf5 8. Qxd8+ Kxd8 9. Nc3 Ke8 10. b3 a5 11. Bb2 Bb4 12. Ne4 a4 13. a3 Be7 14. b4 h5 15. Rad1 Be6 16. Rfe1 b6 17. Nfg5 Rd8 18. Rxd8+ Kxd8 19. Nxe6+ fxe6 20. c4 Kc8 21. Rd1 b5 22. c5 Rf8 23. Bc1 Nh4 24. f4 Nf5 25. g3 Rd8 26. Rxd8+ Kxd8 27. Kf2 Ke8 28. Bb2 Kf7 29. Kf3 Kg6 30. h3 Nh6 31. g4 hxg4+ 32. hxg4 Bd8 33. Bd4 Nf7 34. Ng3 Nh6 35. Ne2 Bh4 36. Bc3 Nf7 37. Nd4 Nd8 38. Bd2 Kf7 39. f5 exf5 40. Nxf5 g5 41. Nd4 Kg6 42. Ke4 Bf2 43. e6 Kf6 44. Bxg5+ 1-0

[Event "Saint Quentin op 4th"]
[Site "Saint Quentin"]
[Date "2001.04.20"]
[Round "7.8"]
[White "Habu, Yoshiharu"]
[Black "Bogdanov, Emil"]
[Result "1-0"]
[WhiteElo "1499"]
[BlackElo "2254"]
[PlyCount "35"]
[EventDate "2001.04.15"]
[EventType "swiss"]
[EventRounds "9"]
[EventCountry "FRA"]
[SourceTitle "EXT 2002"]
[Source "ChessBase"]
[SourceDate "2001.11.25"]
[SourceVersion "1"]
[SourceVersionDate "2001.11.25"]
[SourceQuality "1"]

1. e4 c5 2. Nf3 Nc6 3. d4 cxd4 4. Nxd4 e6 5. Nc3 Qc7 6. g3 a6 7. Bg2 Nf6 8. 0-0 Nxd4 9. Qxd4 Bc5 10. Bf4 d6 11. Qd2 0-0 12. Rad1 e5 13. Bg5 Be6 14. Bxf6 gxf6 15. Qh6 Qd8 16. Nd5 Bxd5 17. exd5 Kh8 18. Be4 1-0

[Event "Saint Quentin op 4th"]
[Site "Saint Quentin"]
[Date "2001.04.17"]
[Round "4.4"]
[White "Habu, Yoshiharu"]
[Black "Delchev, Aleksander"]
[Result "0-1"]
[WhiteElo "1499"]
[BlackElo "2587"]
[PlyCount "94"]
[EventDate "2001.04.15"]
[EventType "swiss"]
[EventRounds "9"]
[EventCountry "FRA"]
[SourceTitle "EXT 2002"]
[Source "ChessBase"]
[SourceDate "2001.11.25"]
[SourceVersion "1"]
[SourceVersionDate "2001.11.25"]
[SourceQuality "1"]

1. e4 c5 2. Nf3 e6 3. d4 cxd4 4. Nxd4 Nc6 5. Nc3 Qc7 6. g3 a6 7. Bg2 Nf6 8. 0-0 Nxd4 9. Qxd4 Bc5 10. Bf4 d6 11. Qd2 h6 12. Rad1 e5 13. Be3 Be6 14. Bxc5 dxc5 15. Nd5 Bxd5 16. exd5 Qd6 17. c4 0-0 18. Rde1 Rfe8 19. Qd3 Re7 20. Re2 Rae8 21. Rfe1 g6 22. b3 h5 23. a3 Ng4 24. Qc3 f5 25. h3 Nf6 26. b4 Nd7 27. g4 hxg4 28. hxg4 e4 29. gxf5 gxf5 30. Qg3+ Qxg3 31. fxg3 Rg7 32. Rf1 Re5 33. Re3 b5 34. Bh3 Rg5 35. Bxf5 Rgxf5 36. Rxf5 Rxf5 37. Rxe4 bxc4 38. Rxc4 Rxd5 39. bxc5 Nxc5 40. Kf2 Kf7 41. Ke3 Ke6 42. Rd4 Re5+ 43. Kf3 Re1 44. g4 Ra1 45. Kf4 Rxa3 46. Rd8 Nd3+ 47. Kg5 Ra5+ 0-1

[Event "Saint Quentin op 4th"]
[Site "Saint Quentin"]
[Date "2001.04.16"]
[Round "2.23"]
[White "Barbini, Denis"]
[Black "Habu, Yoshiharu"]
[Result "0-1"]
[WhiteElo "2159"]
[BlackElo "1499"]
[PlyCount "84"]
[EventDate "2001.04.15"]
[EventType "swiss"]
[EventRounds "9"]
[EventCountry "FRA"]
[SourceTitle "EXT 2002"]
[Source "ChessBase"]
[SourceDate "2001.11.25"]
[SourceVersion "1"]
[SourceVersionDate "2001.11.25"]
[SourceQuality "1"]

1. e4 c5 2. Nf3 d6 3. Bb5+ Nd7 4. d4 cxd4 5. Qxd4 e5 6. Qd3 Be7 7. Nc3 Ngf6 8. Bg5 0-0 9. Bxd7 Bxd7 10. Bxf6 Bxf6 11. Qxd6 Bc6 12. Qxd8 Rfxd8 13. Ke2 Kf8 14. Rhd1 Ke7 15. Nd5+ Bxd5 16. Rxd5 Rxd5 17. exd5 Rc8 18. c3 Kd6 19. Rd1 Bd8 20. Nd2 Kxd5 21. f3 Ke6 22. Ne4 Be7 23. g4 g6 24. g5 h6 25. h4 Rh8 26. Kd3 hxg5 27. hxg5 Rd8+ 28. Ke2 Rxd1 29. Kxd1 Kf5 30. Ke2 b6 31. b4 Kf4 32. b5 Bxg5 33. Nd6 f5 34. Nc8 e4 35. fxe4 Kxe4 36. Nxa7 f4 37. Nc6 f3+ 38. Kf1 Be3 39. Nb4 g5 40. Nc2 g4 41. Nxe3 Kxe3 42. a4 f2 0-1

[Event "Saint Quentin op 4th"]
[Site "Saint Quentin"]
[Date "2001.04.16"]
[Round "3.9"]
[White "Valuet, Bertrand"]
[Black "Habu, Yoshiharu"]
[Result "0-1"]
[WhiteElo "2233"]
[BlackElo "1499"]
[PlyCount "76"]
[EventDate "2001.04.15"]
[EventType "swiss"]
[EventRounds "9"]
[EventCountry "FRA"]
[SourceTitle "EXT 2002"]
[Source "ChessBase"]
[SourceDate "2001.11.25"]
[SourceVersion "1"]
[SourceVersionDate "2001.11.25"]
[SourceQuality "1"]

1. e4 c5 2. Nf3 d6 3. d4 cxd4 4. Nxd4 Nf6 5. Nc3 a6 6. Bg5 e6 7. f4 Qb6 8. Qd2 Qxb2 9. Rb1 Qa3 10. f5 Nc6 11. fxe6 fxe6 12. Nxc6 bxc6 13. e5 dxe5 14. Bxf6 gxf6 15. Ne4 Be7 16. Be2 h5 17. Rb3 Qxa2 18. 0-0 Qa4 19. Bf3 Qd4+ 20. Qxd4 exd4 21. Nxf6+ Kd8 22. Bxc6 Ra7 23. Be4 a5 24. Rb5 Rf8 25. Nxh5 Rxf1+ 26. Kxf1 Ba6 27. Bd3 Bxb5 28. Bxb5 a4 29. Nf4 e5 30. Nd3 Bd6 31. Ke2 a3 32. Nc1 a2 33. Nxa2 Rxa2 34. Bd3 Ke7 35. h4 Ra1 36. h5 Rh1 37. g4 Rh3 38. Kf2 Kf6 0-1